[Event "27th Summer Universiade in Kazan (Women"]
[Site "Kazan"]
[Date "2013.07.09"]
[Round "1.1"]
[White "De Seroux, Camille"]
[Black "Zhao, Xue"]
[Result "0-1"]
[WhiteElo "2118"]
[BlackElo "2553"]
[PlyCount "60"]
[EventDate "2013.??.??"]
[TimeControl "6000+1420"]
[WhiteClock "0:01:51"]
[BlackClock "0:53:24"]

1. e4 e5 2. Nf3 Nc6 3. d4 exd4 4. Nxd4 Nf6 5. Nxc6 bxc6 6. e5 Qe7 7. Qe2 Nd5 8.
c4 Ba6 9. Nd2 Nf4 10. Qe4 Ng6 11. f4 O-O-O 12. Be2 f6 13. g3 Bb7 14. Bf3 Kb8
15. Nb3 fxe5 16. f5 d5 17. Qg4 e4 18. Bg5 Qb4+ 19. Bd2 Ne5 20. Bxb4 Bxb4+ 21.
Kf1 Nxg4 22. Bxg4 dxc4 23. a3 cxb3 24. axb4 Rd2 25. Rb1 e3 26. Ke1 c5 27. Rf1
Ba6 28. Rf4 Rxh2 29. Bf3 Rf2 30. Bd5 Re2+ 0-1

[Event "27th Summer Universiade in Kazan (Women"]
[Site "Kazan"]
[Date "2013.07.09"]
[Round "1.2"]
[White "Ju, Wenjun"]
[Black "Khalafova, Narmin"]
[Result "1-0"]
[WhiteElo "2531"]
[BlackElo "2107"]
[PlyCount "103"]
[EventDate "2013.??.??"]
[TimeControl "6000+1450"]
[WhiteClock "0:02:37"]
[BlackClock "0:01:18"]

1. Nf3 Nf6 2. c4 c6 3. d4 d5 4. e3 e6 5. Nbd2 c5 6. b3 cxd4 7. exd4 Ne4 8. Bd3
f5 9. Bb2 Bd6 10. c5 Bc7 11. b4 O-O 12. O-O Nc6 13. a3 Qf6 14. Nb3 Qh6 15. Ne5
g5 16. f3 Nf6 17. Qe2 a5 18. b5 Nxe5 19. dxe5 a4 20. Nd2 Nh5 21. g3 Bd7 22. Bd4
Rfc8 23. Rfc1 Bd8 24. Rc2 Be7 25. Rac1 Be8 26. Nf1 Qf8 27. Rc3 Ng7 28. Qb2 Rab8
29. Qc2 Ra8 30. Qa2 h5 31. c6 bxc6 32. bxc6 f4 33. g4 hxg4 34. fxg4 f3 35. Be3
d4 36. Bxd4 Qf4 37. Be3 Qxg4+ 38. Ng3 Bf7 39. Rc4 Qh3 40. Bf1 Qh7 41. c7 Nh5
42. Rg4 Nxg3 43. Rxg3 Qf5 44. Qd2 g4 45. Bd3 Qxe5 46. Rxg4+ Kf8 47. Bd4 Qh5 48.
Qf4 Bxa3 49. Bg6 Qxg6 50. Rxg6 Bxc1 51. Bc5+ Ke8 52. Rxe6+ 1-0

[Event "27th Summer Universiade 2013 Kazan,Russ"]
[Site "Kazan,Russia"]
[Date "2013.07.09"]
[Round "1.3"]
[White "Martinez, Ayelen"]
[Black "Tan, Zhongyi"]
[Result "0-1"]
[WhiteElo "2103"]
[BlackElo "2478"]
[PlyCount "70"]
[EventDate "2013.07.09"]

1. e4 d6 2. d4 Nf6 3. Nc3 g6 4. Bg5 Bg7 5. f4 c6 6. Bd3 O-O 7. Nf3 b5 8. Qd2 b4
9. Nd1 a5 10. Nf2 Ng4 11. O-O Nxf2 12. Qxf2 Bg4 13. Qh4 Bxf3 14. Bxe7 Qb6 15.
Bxf8 Qxd4+ 16. Kh1 Bxg2+ 17. Kxg2 Bxf8 18. Rab1 Nd7 19. Qf2 Qg7 20. c3 Nc5 21.
Qd2 Qf6 22. Bc2 Re8 23. Rbe1 Bh6 24. Rf3 Qe6 25. Qf2 Qxa2 26. Rh3 Bg7 27. f5
Qxb2 28. cxb4 axb4 29. Rb1 Qa2 30. Rxb4 Qa5 31. fxg6 hxg6 32. Rb1 Qa2 33. Re1
Ne6 34. Bb3 Nf4+ 35. Kf1 Qxf2+ 0-1

[Event "27th Summer Universiade 2013 Kazan,Russ"]
[Site "Kazan,Russia"]
[Date "2013.07.09"]
[Round "1.4"]
[White "Munguntuul, Batkhuyag"]
[Black "Mona, Khaled"]
[Result "1-0"]
[WhiteElo "2452"]
[BlackElo "2100"]
[PlyCount "86"]
[EventDate "2013.07.09"]

1. d4 Nf6 2. Nf3 g6 3. Nbd2 Bg7 4. e4 d6 5. Bd3 Nc6 6. c3 O-O 7. O-O e5 8. d5
Ne7 9. Re1 Nd7 10. b4 f5 11. Qb3 h6 12. Bb2 f4 13. c4 b6 14. Rac1 g5 15. c5
bxc5 16. bxc5 Rb8 17. Qa3 dxc5 18. h3 Ng6 19. Nb3 h5 20. Nh2 Rf6 21. Na5 Bb7
22. Be2 f3 23. Bxf3 Nf4 24. Rb1 Rb6 25. Nf1 Qf6 26. Ng3 Qg6 27. Bd1 Bxd5 28.
Ba4 Be6 29. Red1 Rd6 30. Bxd7 Bxd7 31. Nc4 Rxd1+ 32. Rxd1 Qe6 33. Qxc5 Ba4 34.
Qxc7 Qe8 35. Nd6 Qf8 36. Rd2 Kh7 37. Ngf5 Ra8 38. Bxe5 Ne6 39. Qc3 Rb8 40. Rb2
Bxe5 41. Qxe5 Rxb2 42. Qxb2 Kg6 43. Qb7 Be8 1-0

[Event "27th Summer Universiade in Kazan (Women"]
[Site "Kazan"]
[Date "2013.07.09"]
[Round "1.3"]
[White "Garcia Morales, Ivette Ale"]
[Black "Bodnaruk, Anastasia"]
[Result "0-1"]
[WhiteElo "2072"]
[BlackElo "2440"]
[PlyCount "114"]
[EventDate "2013.??.??"]
[TimeControl "6000+1440"]
[WhiteClock "0:01:32"]
[BlackClock "0:16:37"]

1. d4 Nf6 2. Bg5 e6 3. e4 h6 4. Bxf6 Qxf6 5. c3 d6 6. Bd3 Qg6 7. Qf3 e5 8. Ne2
Be7 9. Nd2 O-O 10. Nc4 Bg4 11. Qg3 Bxe2 12. Kxe2 exd4 13. Qxg6 fxg6 14. cxd4
Nc6 15. d5 Nd4+ 16. Ke3 c5 17. dxc6 Nxc6 18. f3 b5 19. Na3 a6 20. Rhd1 Bf6 21.
Rab1 Bd4+ 22. Ke2 Be5 23. h3 Nd4+ 24. Kf2 Rac8 25. Rd2 Rf7 26. Nc2 Bf4 27. Re2
Nxe2 28. Kxe2 Rc5 29. Nb4 a5 30. Nd5 Be5 31. b4 axb4 32. Rxb4 Ra7 33. f4 Rxa2+
34. Kf3 Bc3 35. Rxb5 Rxb5 36. Nxc3 Rb3 37. Bc4+ Kf8 38. Bxb3 Ra3 39. Bd5 Rxc3+
40. Kg4 Ke7 41. g3 g5 42. fxg5 hxg5 43. Bb7 Kf6 44. h4 gxh4 45. gxh4 Ke5 46.
Bd5 Re3 47. h5 Re1 48. Bc6 Rc1 49. Bd5 Rg1+ 50. Kf3 g6 51. hxg6 Rxg6 52. Bc6
Rh6 53. Kg3 Rf6 54. Kg2 Rf4 55. Bb7 Rxe4 56. Bxe4 Kxe4 57. Kf2 Ke5 0-1

[Event "27th Summer Universiade in Kazan (Women"]
[Site "Kazan"]
[Date "2013.07.09"]
[Round "1.4"]
[White "Girya, Olga"]
[Black "Siradze, Salome"]
[Result "1-0"]
[WhiteElo "2437"]
[BlackElo "2069"]
[PlyCount "55"]
[EventDate "2013.??.??"]
[TimeControl "6000+930"]
[WhiteClock "0:50:22"]
[BlackClock "0:01:59"]

1. d4 Nf6 2. c4 g6 3. Nc3 Bg7 4. e4 d6 5. f3 O-O 6. Bg5 c5 7. d5 a6 8. Qd2 Re8
9. Nge2 Nbd7 10. Ng3 Nf8 11. Be2 Bd7 12. O-O Rb8 13. a4 h5 14. h3 N8h7 15. Be3
Qc8 16. f4 Bxh3 17. gxh3 Qxh3 18. Nh1 Ng4 19. Bxg4 hxg4 20. Rf2 Bxc3 21. Qxc3
Nf6 22. Rh2 Qf3 23. Rf1 g3 24. Rxf3 gxh2+ 25. Kxh2 Kg7 26. Nf2 Rh8+ 27. Rh3
Rxh3+ 28. Kxh3 1-0

[Event "27th Summer Universiade in Kazan (Women"]
[Site "Kazan"]
[Date "2013.07.09"]
[Round "1.5"]
[White "Anusca, Madalina-Maria"]
[Black "Guramishvili, Sopiko"]
[Result "0-1"]
[WhiteElo "2042"]
[BlackElo "2421"]
[PlyCount "68"]
[EventDate "2013.??.??"]
[TimeControl "6000+985"]
[WhiteClock "0:05:28"]
[BlackClock "0:18:03"]

1. d4 d5 2. e3 g6 3. Bd3 Bg7 4. b3 c5 5. Bb2 Nc6 6. Nf3 cxd4 7. exd4 Bg4 8. c3
Nf6 9. Nbd2 Qd7 10. O-O O-O 11. Re1 Rac8 12. Qb1 Bh6 13. Ba3 Rfe8 14. Bb5 Bf5
15. Qb2 Qd8 16. Rad1 Nh5 17. Ne5 f6 18. Nxc6 bxc6 19. Ba6 Rb8 20. Nf1 e5 21.
Ng3 Nxg3 22. hxg3 e4 23. Bc5 e3 24. f3 Qc7 25. Kh2 Bg5 26. Qa3 Rbd8 27. Be2 Rd7
28. Rf1 h5 29. f4 Bh6 30. Kg1 h4 31. g4 Be4 32. g5 fxg5 33. Bg4 Rf7 34. Bd6 Qd8
0-1

[Event "27th Summer Universiade in Kazan (Women"]
[Site "Kazan"]
[Date "2013.07.09"]
[Round "1.6"]
[White "Shen, Yang"]
[Black "Rothebarth, Ana Vitoria De Pau"]
[Result "1-0"]
[WhiteElo "2405"]
[BlackElo "2034"]
[PlyCount "83"]
[EventDate "2013.??.??"]
[TimeControl "6000+970"]
[WhiteClock "0:55:39"]
[BlackClock "0:00:59"]

1. d4 Nf6 2. c4 e6 3. Nc3 Bb4 4. Qc2 O-O 5. a3 Bxc3+ 6. Qxc3 Ne4 7. Qc2 f5 8.
g3 b6 9. Bg2 Bb7 10. Nh3 d6 11. O-O Nd7 12. Ng5 Nxg5 13. Bxb7 Rb8 14. Bc6 Nf7
15. Qa4 Nf6 16. Qxa7 e5 17. dxe5 Nxe5 18. Qa4 Nxc6 19. Qxc6 Qe7 20. Be3 Ng4 21.
Bd4 f4 22. Qf3 Qe6 23. Qd5 Qxd5 24. cxd5 Rf5 25. gxf4 Rxf4 26. e3 Rf3 27. Rac1
Rbf8 28. Rxc7 Nf6 29. Rfc1 Rf5 30. Bxf6 R8xf6 31. Rb7 h6 32. Rc2 Rxd5 33. Rxb6
Rg6+ 34. Kf1 Rd1+ 35. Ke2 Rh1 36. a4 Rxh2 37. a5 Rf6 38. Kd3 Rh5 39. b4 Kh7 40.
a6 Rf7 41. Rxd6 Rb5 42. Ke4 1-0

[Event "27th Summer Universiade 2013 Kazan,Russ"]
[Site "Kazan,Russia"]
[Date "2013.??.??"]
[Round "1.9"]
[White "Jelsen, Yemi"]
[Black "Bulmaga, Irina"]
[Result "0-1"]
[WhiteElo "2009"]
[BlackElo "2403"]
[PlyCount "75"]
[EventDate "2013.07.05"]

1. d4 Nf6 2. c4 e6 3. Nc3 Bb4 4. Qc2 O-O 5. a3 Bxc3+ 6. Qxc3 b6 7. Nf3 Bb7 8.
g3 d6 9. Bg2 Nbd7 10. O-O Qe7 11. b4 Ne4 12. Qc2 f5 13. Be3 Ndf6 14. h3 Qe8 15.
c5 Bd5 16. Kh2 Qh5 17. Kg1 g5 18. Ne1 f4 19. g4 Qf7 20. Bc1 h5 21. f3 Ng3 22.
Rf2 hxg4 23. hxg4 Kg7 24. e3 e5 25. dxe5 dxe5 26. Nd3 Rae8 27. Qc3 fxe3 28.
Bxe3 Nxg4 29. Nxe5 Nxe5 30. Bd4 Qf4 31. Re1 Kf6 32. Re4 Bxe4 33. fxe4 Kg6 34.
Rxf4 Ne2+ 35. Kf1 Nxc3 36. Rxf8 Rxf8+ 37. Ke1 Nf3+ 38. Bxf3 0-1

[Event "27th Summer Universiade 2013 Kazan,Russ"]
[Site "Kazan,Russia"]
[Date "2013.??.??"]
[Round "1.10"]
[White "Savina, Anastasia"]
[Black "Ton, Nu Hong An"]
[Result "1-0"]
[WhiteElo "2368"]
[BlackElo "1995"]
[PlyCount "59"]
[EventDate "2013.07.05"]

1. d4 Nf6 2. c4 e6 3. Nf3 b6 4. g3 Ba6 5. Qc2 Bb4+ 6. Bd2 Bxd2+ 7. Nbxd2 d5 8.
Rc1 c6 9. e4 dxe4 10. Nxe4 Bb7 11. c5 Nxe4 12. Qxe4 bxc5 13. dxc5 Qa5+ 14. b4
Qa3 15. Rb1 O-O 16. Bd3 Qc3+ 17. Ke2 g6 18. Ne5 Qa3 19. Nc4 Qxa2+ 20. Rb2 Qa4
21. h4 Nd7 22. h5 Rfd8 23. hxg6 hxg6 24. Qf4 Kg7 25. Nd6 f5 26. Qh6+ Kf6 27.
Qh7 g5 28. Qh6+ Ke5 29. Qg7+ Nf6 30. Nc4+ 1-0

[Event "27th Summer Universiade 2013 Kazan,Russ"]
[Site "Kazan,Russia"]
[Date "2013.??.??"]
[Round "1.11"]
[White "Veliyeva, Hurma"]
[Black "Nakhbayeva, Guliskhan"]
[Result "0-1"]
[WhiteElo "1988"]
[BlackElo "2354"]
[PlyCount "84"]
[EventDate "2013.07.05"]

1. e4 e6 2. d4 d5 3. exd5 exd5 4. Bd3 Bd6 5. Ne2 Qf6 6. c3 Ne7 7. O-O Nbc6 8.
Qc2 Bg4 9. a4 h6 10. Ng3 O-O 11. f3 Bd7 12. f4 Na5 13. Qf2 Nb3 14. Nh5 Qe6 15.
h3 f5 16. Ra2 c5 17. Be3 Rac8 18. Nd2 cxd4 19. Bxd4 Nxd4 20. cxd4 Nc6 21. Bb1
Qf7 22. Ng3 Nxd4 23. Nf3 Nxf3+ 24. Qxf3 Rc4 25. Ne2 Rxa4 26. Rxa4 Bxa4 27. Nc3
Bc5+ 28. Kh1 Bb3 29. Re1 d4 30. Ne2 Bd5 31. Qd3 Re8 32. Rc1 Re3 33. Qxf5 Qxf5
34. Bxf5 Rxe2 35. Rxc5 Bxg2+ 36. Kg1 Bc6 37. b4 Rg2+ 38. Kf1 Rb2 39. Bg6 Rxb4
40. Re5 d3 41. f5 d2 42. Ke2 Rd4 0-1

[Event "27th Summer Universiade 2013 Kazan,Russ"]
[Site "Kazan,Russia"]
[Date "2013.??.??"]
[Round "1.12"]
[White "Batchimeg, Tuvshintugs"]
[Black "Yalkanova, Merjen"]
[Result "1-0"]
[WhiteElo "2351"]
[BlackElo "1966"]
[PlyCount "91"]
[EventDate "2013.07.05"]

1. d4 d5 2. Nf3 Nf6 3. c4 e6 4. Nc3 b6 5. cxd5 exd5 6. g3 Bb7 7. Bg2 a6 8. O-O
Bd6 9. Ne5 Nbd7 10. Bf4 Qe7 11. Nxd7 Qxd7 12. Be5 Be7 13. Rc1 O-O 14. Bxc7 Qxc7
15. Nxd5 Qd6 16. Nxf6+ Bxf6 17. Bxb7 Ra7 18. Bf3 Qxd4 19. Qxd4 Bxd4 20. Rfd1
Bxb2 21. Rb1 Bf6 22. Rxb6 Rd8 23. Bd5 Rad7 24. e4 a5 25. Ra6 Bc3 26. Rd3 Bb4
27. a3 Be7 28. Rxa5 g6 29. Rf3 Bd6 30. a4 Kg7 31. Ra6 Bc5 32. Rc6 Bd4 33. Rc4
Ba7 34. g4 Rh8 35. Kg2 f6 36. a5 h5 37. gxh5 Rxh5 38. Rc8 Bd4 39. a6 f5 40. Rg3
Be5 41. Bb7 f4 42. a7 fxg3 43. hxg3 Rxb7 44. a8=Q Rf7 45. Rg8+ Kh7 46. Qe8 1-0

[Event "27th Summer Universiade 2013 Kazan,Russ"]
[Site "Kazan,Russia"]
[Date "2013.??.??"]
[Round "1.13"]
[White "Vasile, Teodora"]
[Black "Kashlinskaya, Alina"]
[Result "0-1"]
[WhiteElo "1938"]
[BlackElo "2334"]
[PlyCount "108"]
[EventDate "2013.07.05"]

1. e4 e5 2. Nf3 Nc6 3. Bb5 a6 4. Ba4 Nf6 5. O-O Be7 6. Re1 b5 7. Bb3 d6 8. c3
O-O 9. h3 Nb8 10. d3 Nbd7 11. Nbd2 Bb7 12. Nf1 Nc5 13. Bc2 Re8 14. b4 Ncd7 15.
Ng3 Bf8 16. c4 h6 17. a4 bxc4 18. dxc4 a5 19. b5 Nc5 20. Nd2 Nfd7 21. Nb3 g6
22. Be3 Nxb3 23. Bxb3 h5 24. f3 Be7 25. Ne2 Bg5 26. Bf2 Kg7 27. Nc3 f5 28. exf5
gxf5 29. f4 Bxf4 30. Qxh5 Qg5 31. Qxg5+ Bxg5 32. Nd5 Bxd5 33. cxd5 e4 34. Bd4+
Bf6 35. Bxf6+ Kxf6 36. Bc2 Re5 37. g4 Rg8 38. Kh1 fxg4 39. Rxe4 Rxe4 40. Bxe4
gxh3 41. Kh2 Ke5 42. Bh1 Nc5 43. Re1+ Kd4 44. Re7 Rc8 45. Bf3 Rf8 46. Bh1 Rf2+
47. Kxh3 Ra2 48. Rxc7 Rxa4 49. Ra7 Ra3+ 50. Kg4 a4 51. Rf7 Rb3 52. Rf4+ Kc3 53.
Bf3 a3 54. Bd1 Rb4 0-1

[Event "27th Summer Universiade 2013 Kazan,Russ"]
[Site "Kazan,Russia"]
[Date "2013.??.??"]
[Round "1.14"]
[White "Rogule, Laura"]
[Black "Mominova, Leyla"]
[Result "1-0"]
[WhiteElo "2329"]
[BlackElo "1919"]
[PlyCount "89"]
[EventDate "2013.07.05"]

1. c4 Nf6 2. Nc3 g6 3. g3 Bg7 4. Bg2 O-O 5. d4 d6 6. Nf3 Nbd7 7. O-O c5 8. d5
Nb6 9. Nd2 Ng4 10. Qc2 Ne5 11. b3 a5 12. a4 Bd7 13. h3 f6 14. f4 Nf7 15. Bb2
Qc8 16. Kh2 g5 17. Nce4 h6 18. Rae1 Bf5 19. e3 Nd7 20. Qc3 Bh7 21. Nf2 Kh8 22.
Nf3 Rg8 23. Qd2 Qe8 24. h4 gxh4 25. Nxh4 Nd8 26. e4 b6 27. Bh3 Nf7 28. Ng4 Ra7
29. Ne3 Nf8 30. Nef5 Nd7 31. Qe2 Nd8 32. Qf3 Rc7 33. Re2 Ra7 34. Nxg7 Rxg7 35.
e5 dxe5 36. Bxd7 e4 37. Bxe8 exf3 38. Rxf3 Nf7 39. Bxf7 Rxf7 40. Re6 Rb7 41.
Rfe3 Kg8 42. Rc6 Rb8 43. Ree6 b5 44. cxb5 Bc2 45. Re3 1-0

[Event "27th Summer Universiade 2013 Kazan,Russ"]
[Site "Kazan,Russia"]
[Date "2013.??.??"]
[Round "1.15"]
[White "Heinatz, Maria"]
[Black "Arabidze, Meri"]
[Result "0-1"]
[WhiteElo "1904"]
[BlackElo "2320"]
[PlyCount "106"]
[EventDate "2013.07.05"]

1. e4 c5 2. Nf3 e6 3. Nc3 a6 4. d4 cxd4 5. Nxd4 Qc7 6. Bd3 Nf6 7. O-O Nc6 8.
Nxc6 bxc6 9. Kh1 d6 10. f4 Be7 11. Qe1 e5 12. fxe5 dxe5 13. Qg3 O-O 14. Nd1 Nh5
15. Qf3 Nf4 16. Bxf4 exf4 17. Qxf4 Bd6 18. Qh4 Be5 19. c3 Be6 20. Ne3 a5 21.
Bc4 Rae8 22. Rad1 a4 23. a3 Qa7 24. Qf2 Qb8 25. g3 Qb7 26. Rd2 Bb8 27. Qf3 Ba7
28. Bd3 f5 29. e5 Qb6 30. Re1 Qc5 31. Qf4 Bd5+ 32. Ng2 Re7 33. Be2 Be4 34. Bf3
Rxe5 35. Bxe4 Rxe4 36. Qf1 Qe5 37. Red1 Re8 38. Rd8 Bb6 39. Rxe8+ Qxe8 40. Qxf5
Re2 41. Qd3 Rxb2 42. Re1 Qf7 43. Nf4 g5 44. Ng2 Rxg2 45. Kxg2 Qf2+ 46. Kh3 Qxe1
47. Qc4+ Kg7 48. Qxc6 Qe3 49. Qxa4 h5 50. Qd7+ Kf6 51. Qd1 g4+ 52. Kg2 Qe4+ 53.
Kf1 Qh1+ 0-1

[Event "27th Summer Universiade 2013 Kazan,Russ"]
[Site "Kazan,Russia"]
[Date "2013.07.09"]
[Round "1.16"]
[White "Stojanovic, Andjelija"]
[Black "Khulan, Enkhsaikhan"]
[Result "1-0"]
[WhiteElo "2302"]
[BlackElo "1866"]
[PlyCount "73"]
[EventDate "2013.07.05"]

1. Nf3 e6 2. g3 d5 3. Bg2 c5 4. O-O Nf6 5. d3 Nc6 6. Nbd2 Be7 7. e4 O-O 8. Re1
b5 9. e5 Nd7 10. Nf1 Bb7 11. h4 a5 12. N1h2 d4 13. h5 Re8 14. h6 g6 15. Ng4 Nb4
16. c3 dxc3 17. bxc3 Nd5 18. c4 bxc4 19. dxc4 N5b6 20. Qc2 Qc7 21. Bf4 Bf8 22.
Rab1 Bc6 23. Ng5 Bxg2 24. Kxg2 Qc6+ 25. Qe4 Qxe4+ 26. Nxe4 Be7 27. Ngf6+ Bxf6
28. Nxf6+ Nxf6 29. Rxb6 Nd7 30. Rb7 Nb8 31. Rd1 Nc6 32. Rdd7 Rf8 33. Rbc7 Rac8
34. Rxf7 Rxc7 35. Rxc7 Nb4 36. Rg7+ Kh8 37. Bg5 1-0

[Event "27th Summer Universiade 2013 Kazan,Russ"]
[Site "Kazan,Russia"]
[Date "2013.07.09"]
[Round "1.17"]
[White "Shyngys Kyzy, Aijarkyn"]
[Black "Przezdziecka, Marta"]
[Result "0-1"]
[WhiteElo "1784"]
[BlackElo "2297"]
[PlyCount "54"]
[EventDate "2013.07.05"]

1. e4 g6 2. Nf3 Bg7 3. d4 d6 4. c4 Nf6 5. Nc3 O-O 6. Be2 Nc6 7. Bg5 h6 8. Bf4
g5 9. Bg3 Nh5 10. d5 Nb8 11. Nxg5 Nxg3 12. hxg3 hxg5 13. Bd3 e5 14. dxe6 Bxe6
15. e5 Re8 16. Qh5 Nc6 17. f4 gxf4 18. gxf4 dxe5 19. O-O-O e4 20. Nxe4 Qd4 21.
Nc3 Qxf4+ 22. Kb1 Ne5 23. Rh4 Qe3 24. Re4 Qc5 25. Na4 Qa5 26. Bc2 Nxc4 27. Qf3
Nd2+ 0-1

[Event "27th Summer Universiade 2013 Kazan,Russ"]
[Site "Kazan,Russia"]
[Date "2013.??.??"]
[Round "1.18"]
[White "Dolzhykova, Kateryna"]
[Black "Senanayake, P R."]
[Result "1-0"]
[WhiteElo "2296"]
[BlackElo "1775"]
[PlyCount "93"]
[EventDate "2013.07.05"]

1. e4 c5 2. Nf3 Nc6 3. Bb5 d6 4. O-O Bd7 5. c3 g6 6. d4 cxd4 7. cxd4 Bg7 8. Nc3
Nf6 9. d5 Nb8 10. Be2 Bg4 11. e5 dxe5 12. Nxe5 Bxe2 13. Qxe2 O-O 14. Rd1 Nbd7
15. Nc4 Re8 16. Bf4 Nb6 17. Ne3 Nh5 18. Bg5 Nf6 19. a4 Nc8 20. Rac1 a6 21. b4
Nd6 22. a5 Rc8 23. Na4 Nd7 24. Bf4 Nb5 25. Nc4 Nd4 26. Qd3 Nb5 27. Nab6 Nxb6
28. Nxb6 Rxc1 29. Rxc1 Nd6 30. Qc2 Bd4 31. Qc7 Ne4 32. Be3 Bxe3 33. fxe3 Nd6
34. Qxd8 Rxd8 35. Rc7 e6 36. dxe6 fxe6 37. Nd7 Kg7 38. Nc5+ Kg8 39. Nxb7 Nxb7
40. Rxb7 Ra8 41. Kf2 Rc8 42. b5 Rc2+ 43. Kf3 axb5 44. a6 Rc8 45. a7 Rf8+ 46.
Ke4 Re8 47. Rb8 1-0

[Event "27th Summer Universiade 2013 Kazan,Russ"]
[Site "Kazan,Russia"]
[Date "2013.??.??"]
[Round "1.19"]
[White "Otorbaeva, Nuriza"]
[Black "Kalinina, Olga"]
[Result "0-1"]
[WhiteElo "1737"]
[BlackElo "2292"]
[PlyCount "50"]
[EventDate "2013.07.05"]

1. e4 c5 2. Nc3 a6 3. Nf3 e6 4. d4 cxd4 5. Nxd4 Qc7 6. Be2 b5 7. Bf3 Bb7 8. O-O
d6 9. Re1 Be7 10. a3 Nf6 11. Qe2 Nbd7 12. Bd2 O-O 13. g3 Ne5 14. Bg2 Nc4 15.
Rab1 Rac8 16. Kh1 Nd7 17. f4 Bf6 18. Qf2 Qb6 19. e5 dxe5 20. fxe5 Bxg2+ 21.
Kxg2 Bxe5 22. Nf3 Qxf2+ 23. Kxf2 Nxd2 24. Nxd2 Bxc3 25. bxc3 Rxc3 0-1

[Event "27th Summer Universiade 2013 Kazan,Russ"]
[Site "Kazan,Russia"]
[Date "2013.??.??"]
[Round "1.20"]
[White "Kulovana, Eva"]
[Black "Battsetseg, Urjinbadam"]
[Result "1-0"]
[WhiteElo "2272"]
[BlackElo "1703"]
[PlyCount "65"]
[EventDate "2013.07.05"]

1. e4 e5 2. Nf3 Nc6 3. Bb5 a6 4. Ba4 Nf6 5. O-O b5 6. Bb3 Be7 7. d4 d6 8. c3
O-O 9. h3 Bb7 10. Nbd2 Re8 11. Re1 Bf8 12. Bc2 exd4 13. cxd4 Nb4 14. Bb1 c5 15.
d5 a5 16. a3 Na6 17. a4 b4 18. Nc4 h6 19. Bf4 Nb8 20. Nfd2 Ba6 21. b3 Qc7 22.
Bd3 Nbd7 23. Qc2 Bxc4 24. Bxc4 Ne5 25. Bb5 Nfd7 26. Bh2 Rec8 27. f4 Ng6 28. Nc4
Nb6 29. Rad1 Nxc4 30. Bxc4 Re8 31. e5 dxe5 32. d6 Bxd6 33. Qxg6 1-0

[Event "27th Summer Universiade 2013 Kazan,Russ"]
[Site "Kazan,Russia"]
[Date "2013.??.??"]
[Round "1.21"]
[White "Francis, Onkemetse"]
[Black "Mammadyarova, Turkan"]
[Result "0-1"]
[WhiteElo "1698"]
[BlackElo "2267"]
[PlyCount "72"]
[EventDate "2013.07.05"]

1. e4 e5 2. Nf3 Nc6 3. Bc4 Bc5 4. d3 Nf6 5. Nc3 d6 6. h3 h6 7. Na4 Bb6 8. Nxb6
axb6 9. a3 O-O 10. O-O Be6 11. Nd2 d5 12. Ba2 Ne7 13. exd5 Nfxd5 14. Bxd5 Bxd5
15. Qe2 Ng6 16. Ne4 f5 17. Nc3 Bc6 18. Bd2 Qd6 19. Rad1 Rae8 20. f3 Rf6 21. a4
Bxa4 22. Nxa4 Qd4+ 23. Be3 Qxa4 24. Ra1 Qc6 25. Qd2 Kh7 26. Ra3 Ne7 27. d4 Rd6
28. c3 Ng6 29. Qc1 Nh4 30. Qe1 Ng6 31. Qf2 f4 32. Bc1 exd4 33. cxd4 Rde6 34.
Qd2 Re2 35. Qd3 Qf6 36. Rc3 Qg5 0-1

[Event "27th Summer Universiade 2013 Kazan,Russ"]
[Site "Kazan,Russia"]
[Date "2013.??.??"]
[Round "1.22"]
[White "Dudas, Eszter"]
[Black "Leso, Gorata"]
[Result "1-0"]
[WhiteElo "2266"]
[BlackElo "1665"]
[PlyCount "106"]
[EventDate "2013.07.05"]

1. e4 d5 2. exd5 Qxd5 3. Nc3 Qd8 4. d4 Nf6 5. h3 e6 6. Nf3 h6 7. Be3 Nc6 8. a3
a6 9. Bd3 Bd6 10. O-O O-O 11. Re1 Re8 12. Qd2 e5 13. dxe5 Nxe5 14. Nxe5 Bxe5
15. Rad1 Be6 16. Qe2 Qe7 17. Qf3 c6 18. Bd2 Bd6 19. Ne4 Bc5 20. Nxf6+ Qxf6 21.
Qe4 Bd6 22. Qh7+ Kf8 23. Bc3 Qg5 24. Qh8+ Ke7 25. Qxg7 Qxg7 26. Bxg7 Bf4 27.
Bf5 Rg8 28. Bd4 Rg5 29. Bxe6 fxe6 30. Re4 Bd6 31. Be3 Rg6 32. Red4 e5 33. R4d2
Rag8 34. g3 h5 35. h4 R8g7 36. Bg5+ Kd7 37. c4 Kc7 38. Bd8+ Kxd8 39. Rxd6+ Kc7
40. Rxg6 Rxg6 41. Kg2 Kb6 42. Rd7 Kc5 43. b3 b6 44. Kf3 Rf6+ 45. Ke3 e4 46.
Kxe4 Rxf2 47. Rh7 Rb2 48. Rxh5+ Kd6 49. b4 Rb3 50. c5+ bxc5 51. bxc5+ Kc7 52.
Rh7+ Kd8 53. Rg7 Rxa3 1-0

[Event "27th Summer Universiade 2013 Kazan,Russ"]
[Site "Kazan,Russia"]
[Date "2013.??.??"]
[Round "1.23"]
[White "Rebatenne, Boitshepo"]
[Black "Sgircea, Silvia-Raluca"]
[Result "0-1"]
[WhiteElo "1558"]
[BlackElo "2261"]
[PlyCount "86"]
[EventDate "2013.07.05"]

1. d4 d5 2. c4 dxc4 3. Nc3 e5 4. dxe5 Qxd1+ 5. Nxd1 Nc6 6. Nf3 Be6 7. a3 Nge7
8. Nc3 Ng6 9. e4 O-O-O 10. Be3 Ngxe5 11. Nxe5 Nxe5 12. Be2 Nd3+ 13. Bxd3 Rxd3
14. O-O Be7 15. Rfd1 Rhd8 16. h3 Bf6 17. Rxd3 cxd3 18. Kf1 Bd4 19. Bd2 a6 20.
b4 Bxc3 21. Bxc3 d2 22. Rd1 Bc4+ 23. Kg1 Rd3 24. Bxd2 Bb3 25. Rb1 Bc2 26. Rb2
Rxd2 27. e5 Rd1+ 28. Kh2 Be4 29. Re2 Bd5 30. f4 Rd3 31. a4 Rd4 32. f5 Re4 33.
Rxe4 Bxe4 34. g4 g6 35. f6 Kd7 36. Kg3 g5 37. h4 gxh4+ 38. Kxh4 Ke6 39. g5 Kxe5
40. Kg4 a5 41. bxa5 c5 42. a6 bxa6 43. a5 c4 0-1

[Event "27th Summer Universiade 2013 Kazan,Russ"]
[Site "Kazan,Russia"]
[Date "2013.??.??"]
[Round "1.24"]
[White "Davletbayeva, Madina"]
[Black "Arbona Avila, Zaily M"]
[Result "1-0"]
[WhiteElo "2260"]
[BlackElo "1540"]
[PlyCount "49"]
[EventDate "2013.07.05"]

1. e4 d6 2. d4 Nf6 3. Nc3 g6 4. h3 Bg7 5. Nf3 c6 6. a4 O-O 7. Be2 Nbd7 8. O-O
e5 9. d5 Qc7 10. Nd2 h6 11. Nc4 Ne8 12. Be3 f5 13. exf5 gxf5 14. f4 e4 15. a5
Ndf6 16. Ra3 Qe7 17. a6 b5 18. Na5 cxd5 19. Bxb5 Nc7 20. Bc6 Bxa6 21. Bxa8 Bxf1
22. Bxd5+ Nfxd5 23. Nxd5 Nxd5 24. Qxd5+ Kh7 25. Kxf1 1-0

[Event "27th Summer Universiade 2013 Kazan,Russ"]
[Site "Kazan,Russia"]
[Date "2013.??.??"]
[Round "1.25"]
[White "Kim, Minhee"]
[Black "Kulon, Klaudia"]
[Result "0-1"]
[WhiteElo "1504"]
[BlackElo "2258"]
[PlyCount "50"]
[EventDate "2013.07.05"]

1. e4 e5 2. Nf3 Nc6 3. Bb5 a6 4. Bxc6 dxc6 5. Nc3 f6 6. O-O c5 7. d3 Be6 8. b3
Qd7 9. Ne2 O-O-O 10. Bb2 g5 11. Ng3 h5 12. h4 Bg4 13. hxg5 Bd6 14. gxf6 Nxf6
15. Qe2 h4 16. Nf5 Rdg8 17. Qe3 Bxf5 18. Nxe5 Bxe5 19. Bxe5 Ng4 20. Qxc5 Nxe5
21. exf5 Qxf5 22. Qe3 Rxg2+ 23. Kxg2 Rg8+ 24. Qg3 Qf3+ 25. Kh3 Rxg3+ 0-1

[Event "27th Summer Universiade in Kazan (Women)"]
[Site "Kazan"]
[Date "2013.07.10"]
[Round "2.2"]
[White "Kalinina, Olga"]
[Black "Ju, Wenjun"]
[Result "0-1"]
[WhiteElo "2292"]
[BlackElo "2531"]
[PlyCount "120"]
[EventDate "2013.??.??"]

1. e4 c5 2. Nf3 d6 3. d4 cxd4 4. Nxd4 Nf6 5. Nc3 a6 6. f4 e5 7. Nf3 Nbd7 8. a4
Qc7 9. Bd3 Be7 10. O-O O-O 11. Kh1 Re8 12. Qe1 exf4 13. Bxf4 Nc5 14. b4 Nxd3
15. cxd3 Be6 16. a5 b6 17. Rc1 Qb7 18. Na4 Nd7 19. d4 b5 20. Nb2 Bf8 21. Ng5
Bd5 22. Qg3 Bxe4 23. Nxf7 Bxg2+ 24. Qxg2 Qxg2+ 25. Kxg2 Re2+ 26. Rf2 Rxf2+ 27.
Kxf2 Kxf7 28. Rc7 Ke8 29. Nd1 Kd8 30. Rc6 Nf6 31. Ne3 Kd7 32. Rb6 g5 33. Bg3 h5
34. h3 Ke6 35. Ke2 Ra7 36. Kd3 Be7 37. Bh2 Nd5 38. Nxd5 Kxd5 39. Bg3 Bf8 40.
Bh2 g4 41. hxg4 hxg4 42. Ke3 Re7+ 43. Kf4 Re4+ 44. Kf5 Rxd4 45. Rxa6 Rxb4 46.
Rb6 Kc4 47. a6 Ra4 48. Bg1 d5 49. Rc6+ Kd3 50. Rc8 Rxa6 51. Rxf8 Ra1 52. Bf2 b4
53. Kxg4 b3 54. Rb8 Rb1 55. Kf3 b2 56. Rb3+ Kc2 57. Rb5 Rd1 58. Rc5+ Kb3 59.
Rb5+ Kc3 60. Rb8 b1=Q 0-1